Statistics for UNESCO Creative Cities

Click here to take the quiz!

General Stats

  • This quiz has been taken 36 times
  • The average score is 52 of 180

Answers on the Map

Answers color-coded by a green-red scale on the quiz's map according to % correct below.
 

Answer Stats

GroupAnswer% Correct
DesignMontreal
78%
LiteratureSeattle
78%
Media ArtsToronto
78%
DesignMexico City
72%
LiteratureBarcelona
69%
Media ArtsEnghien-les-Bains
69%
DesignHelsinki
69%
LiteratureQuebec City
69%
FilmRome
69%
Crafts & Folk ArtCairo
66%
DesignDetroit
66%
DesignIstanbul
66%
DesignBuenos Aires
63%
DesignCape Town
63%
LiteratureDublin
63%
Media ArtsLyon
63%
MusicBogotá
59%
LiteratureEdinburgh
59%
MusicMedellín
59%
LiteratureMilan
59%
LiteratureMontevideo
59%
Crafts & Folk ArtNassau
59%
DesignSeoul
59%
FilmSydney
59%
MusicAuckland
56%
Media ArtsAustin
56%
GastronomyBergen
56%
DesignBerlin
56%
DesignBrasilia
56%
FilmBusan
56%
DesignDubai
56%
MusicGlasgow
56%
LiteratureMelbourne
56%
DesignBeijing
53%
MusicChennai
53%
Media ArtsDakar
53%
Media ArtsGuadalajara
53%
MusicLiverpool
53%
DesignNagoya
53%
GastronomySan Antonio
53%
Crafts & Folk ArtTunis
53%
MusicAdelaide
50%
GastronomyChengdu
50%
Crafts & Folk ArtDurán
50%
LiteratureManchester
50%
LiteratureReykjavik
50%
Media ArtsSapporo
50%
MusicSeville
50%
DesignShanghai
50%
DesignSingapore
50%
Media ArtsTel-Aviv
50%
MusicAlmaty
47%
DesignBudapest
47%
MusicKinshasa
47%
FilmSofia
47%
FilmBristol
44%
MusicKingston
44%
GastronomyPanama City
44%
LiteraturePrague
44%
MusicSalvador
44%
LiteratureBaghdad
41%
MusicBologna
41%
MusicBrazzaville
41%
LiteratureKrakow
41%
MusicPraia
41%
DesignShenzhen
41%
DesignTurin
41%
DesignWuhan
41%
LiteratureDurban
38%
MusicKansas City
38%
Crafts & Folk ArtSanta Fe
38%
GastronomyTucson
38%
GastronomyBelém
34%
DesignBilbao
34%
FilmGalway
34%
LiteratureLviv
34%
GastronomyPhuket
34%
DesignPuebla
34%
LiteratureGranada
31%
Crafts & Folk ArtHangzhou
31%
MusicHannover
31%
Crafts & Folk ArtIsfahan
31%
Crafts & Folk ArtJaipur
31%
DesignKobe
31%
LiteratureLjubljana
31%
Crafts & Folk ArtOuagadougou
31%
DesignBandung
28%
Crafts & Folk ArtChiang Mai
28%
DesignDundee
28%
LiteratureNorwich
28%
MusicBrno
25%
MusicDaegu
25%
FilmŁódź
25%
LiteratureNottingham
25%
LiteratureTartu
25%
DesignCuritiba
22%
LiteratureDunedin
22%
DesignKaunas
22%
FilmQingdao
22%
LiteratureUtrecht
22%
MusicGhent
19%
MusicKatowice
19%
Crafts & Folk ArtLimoges
19%
Media ArtsLinz
19%
Crafts & Folk ArtLubumbashi
19%
GastronomyParma
19%
Crafts & Folk ArtPorto-Novo
19%
FilmSantos
19%
Media ArtsYork
19%
Crafts & Folk ArtAswan
16%
Media ArtsChangsha
16%
DesignGraz
16%
Media ArtsGwangju
16%
GastronomyMacao
16%
FilmBradford
13%
GastronomyGaziantep
13%
GastronomyShunde
13%
FilmBitola
9%
Media ArtsBraga
9%
GastronomyCochabamba
9%
DesignGeelong
9%
GastronomyHatay
9%
LiteratureHeidelberg
9%
Crafts & Folk ArtJoão Pessoa
9%
Crafts & Folk ArtSuzhou
9%
MusicVaranasi
9%
GastronomyBurgos
6%
GastronomyFlorianopolis
6%
LiteratureIowa City
6%
Media ArtsKosice
6%
LiteratureLillehammer
6%
MusicMannheim
6%
MusicMorelia
6%
MusicNorrköping
6%
MusicPesaro
6%
DesignSaint-Etienne
6%
GastronomyAlba
3%
Crafts & Folk ArtBaguio City
3%
LiteratureBucheon
3%
Crafts & Folk ArtCarrara
3%
GastronomyEnsenada
3%
MusicFrutillar
3%
Crafts & Folk ArtJacmel
3%
Crafts & Folk ArtJingdezhen
3%
GastronomyParaty
3%
GastronomyPopayan
3%
GastronomyRasht
3%
Crafts & Folk ArtTétouan
3%
FilmYamagata
3%
Crafts & Folk ArtAl-Ahsa
0%
MusicAmarante
0%
Crafts & Folk ArtBamiyan
0%
Crafts & Folk ArtBarcelos
0%
GastronomyBuenaventura
0%
Crafts & Folk ArtChordeleg
0%
GastronomyDénia
0%
Crafts & Folk ArtFabriano
0%
Crafts & Folk ArtGabrovo
0%
MusicHamamatsu
0%
Crafts & Folk ArtIcheon
0%
MusicIdanha-a-Nova
0%
GastronomyJeonju
0%
Crafts & Folk ArtKanazawa
0%
DesignKolding
0%
DesignKortrijk
0%
Crafts & Folk ArtKütahya
0%
Crafts & Folk ArtMadaba
0%
LiteratureObidos
0%
GastronomyÖstersund
0%
Crafts & Folk ArtPaducah
0%
Crafts & Folk ArtPekalongan
0%
Crafts & Folk ArtSan Cristóbal de las Casas
0%
Crafts & Folk ArtSasayama
0%
Crafts & Folk ArtSheki
0%
Crafts & Folk ArtSokodé
0%
FilmTerrassa
0%
MusicTongyeong
0%
GastronomyTsuruoka
0%
LiteratureUlyanovsk
0%
GastronomyZahle
0%

Score Distribution

Percentile by Number Answered

Percent of People with Each Score

Your Score History

You have not taken this quiz